[Event "Natal Potiguar A1"]
[Site "Natal"]
[Date "2018.04.15"]
[Round "5"]
[White "De Oliveira, Lucas Matheus AFD"]
[Black "Macedo, Alexandre Soares"]
[Result "0-1"]
[WhiteElo "1800"]
[BlackElo "1931"]
[PlyCount "166"]
[EventDate "2018.04.13"]
[EventType "tourn"]
[EventRounds "9"]
[EventCountry "BRA"]
[SourceTitle "EXT 2019"]
[Source "ChessBase"]
[SourceDate "2018.10.10"]
[SourceVersion "1"]
[SourceVersionDate "2018.10.10"]
[SourceQuality "1"]

1. e4 c6 2. d4 d5 3. exd5 cxd5 4. c4 Nf6 5. Nc3 g6 6. Nf3 Bg7 7. Qb3 e6 8. c5 Nc6 9. Nb5 Ne4 10. Qa4 a6 11. Bf4 0-0 12. Nd6 e5 13. Nxc8 Rxc8 14. Nxe5 Nxc5 15. dxc5 Nxe5 16. Be2 Rxc5 17. 0-0 Qc8 18. Rac1 Rxc1 19. Rxc1 Qf5 20. Be3 Nc6 21. Qb3 Na5 22. Qb6 Nc4 23. Bxc4 dxc4 24. Qxb7 Rc8 25. h3 Qe6 26. Rd1 h5 27. Rd7 Re8 28. Rd1 Be5 29. Qb4 Rb8 30. Qd2 Bxb2 31. Ba7 c3 32. Qc2 Re8 33. Rf1 Qc4 34. Be3 Qxa2 35. Bc1 Qa3 36. Bh6 Kh7 37. Be3 Qb4 38. Rd1 Qb5 39. Rd4 Rc8 40. g4 Ba3 41. Qa2 Qb7 42. Qxa3 Qf3 43. Rf4 Qd1+ 44. Kh2 Qd5 45. Qe7 Kg8 46. Rd4 Qf3 47. Rd8+ Rxd8 48. Qxd8+ Kh7 49. Bd4 f6 50. Qe7+ Kg8 51. Qxf6 Qxf6 52. Bxf6 c2 53. Bb2 hxg4 54. hxg4 Kf7 55. Kg3 Ke6 56. Kf4 Kd5 57. Kg5 a5 58. Kxg6 a4 59. Kf6 Kc4 60. g5 Kb3 61. Bc1 a3 62. Bxa3 Kxa3 63. g6 c1Q 64. g7 Qf4+ 65. Ke7 Qe5+ 66. Kf7 Qf5+ 67. Ke7 Qg6 68. Kf8 Qf6+ 69. Kg8 Kb4 70. Kh7 Qf7 71. Kh8 Qh5+ 72. Kg8 Kc5 73. Kf8 Qf5+ 74. Ke8 Qg6+ 75. Kf8 Qf6+ 76. Kg8 Kd6 77. Kh7 Qf7 78. f4 Ke7 79. Kh8 Qh5+ 80. Kg8 Kf6 81. f5 Qh6 82. Kf8 Qxg7+ 83. Ke8 Qe7# 0-1

[Event "Natal Potiguar-ch sf"]
[Site "Natal"]
[Date "2017.09.10"]
[Round "6"]
[White "De Menezes, Ricardo Fagner Dias"]
[Black "De Oliveira, Lucas Matheus AFD"]
[Result "1-0"]
[WhiteElo "1621"]
[BlackElo "1828"]
[PlyCount "115"]
[EventDate "2017.09.08"]
[EventType "swiss"]
[EventRounds "6"]
[EventCountry "BRA"]
[SourceTitle "EXT 2018"]
[Source "ChessBase"]
[SourceDate "2017.10.13"]
[SourceVersion "1"]
[SourceVersionDate "2017.10.13"]
[SourceQuality "1"]

1. c4 e5 2. Nc3 Nf6 3. e4 Nc6 4. Nf3 Bc5 5. g3 Ng4 6. d4 Nxf2 7. Kxf2 Nxd4 8. Nxd4 Qf6+ 9. Kg2 Bxd4 10. Qf3 Qb6 11. Nd5 Qd6 12. Be3 c6 13. c5 Qb8 14. Bxd4 cxd5 15. Bf2 d4 16. Bc4 0-0 17. Rhf1 Kh8 18. Bxf7 b6 19. cxb6 Qxb6 20. Qb3 Ba6 21. Bc4 Bxc4 22. Qxc4 Qxb2 23. Qc1 Qe2 24. Qe1 Qf3+ 25. Kg1 Rf6 26. Bxd4 Qxf1+ 27. Qxf1 Rxf1+ 28. Rxf1 exd4 29. Rd1 Rc8 30. Rxd4 Rc7 31. a4 Kg8 32. h4 Kf7 33. Kf2 Ke6 34. Ke3 Rc3+ 35. Kf4 Rb3 36. Rd5 Rb4 37. Ra5 Rb7 38. Re5+ Kd6 39. Re8 Kc5 40. Re7 Kb4 41. Rxg7 Kxa4 42. Rxh7 Kb4 43. Rh8 a5 44. Ra8 a4 45. h5 Rb6 46. Ra7 a3 47. g4 Kb3 48. g5 a2 49. h6 Kb2 50. h7 Rb8 51. g6 Rf8+ 52. Kg5 Re8 53. g7 Re7 54. g8Q d5 55. h8Q+ Kb1 56. Qb8+ Kc1 57. Qbb2+ Kd1 58. Qh1# 1-0

[Event "Natal Potiguar op"]
[Site "Natal"]
[Date "2017.06.04"]
[Round "5"]
[White "Ananias, Thales Rodrigo Lima"]
[Black "De Oliveira, Lucas Matheus AFD"]
[Result "0-1"]
[WhiteElo "1489"]
[BlackElo "1842"]
[PlyCount "62"]
[EventDate "2017.06.02"]
[EventType "swiss"]
[EventRounds "6"]
[EventCountry "BRA"]
[SourceTitle "EXT 2018"]
[Source "ChessBase"]
[SourceDate "2017.10.13"]
[SourceVersion "1"]
[SourceVersionDate "2017.10.13"]
[SourceQuality "1"]

1. Nf3 d5 2. g3 c5 3. Bg2 Nc6 4. d4 e6 5. e3 Nf6 6. 0-0 Bd6 7. Nc3 0-0 8. b3 cxd4 9. Nxd4 Nxd4 10. Qxd4 a6 11. Bb2 Qc7 12. e4 e5 13. Qd3 d4 14. Nd5 Nxd5 15. exd5 Bd7 16. Rfe1 Bb4 17. Rec1 Bb5 18. Qf3 Bd2 19. Rd1 Qxc2 20. Ba3 Rfc8 21. Be7 Bc3 22. Rac1 Qxa2 23. Qg4 Be2 24. Bf3 Bxd1 25. Rxd1 Ba5 26. d6 Qxb3 27. Bf6 g6 28. Qh4 Bd8 29. Re1 Qxf3 30. d7 Rc2 31. g4 Qxf6 0-1

[Event "Natal Potiguar op"]
[Site "Natal"]
[Date "2016.07.01"]
[Round "2"]
[White "Carneiro, Vitor Roberto Castr"]
[Black "De Oliveira, Lucas Matheus AFD"]
[Result "1-0"]
[WhiteElo "2408"]
[BlackElo "1840"]
[PlyCount "99"]
[EventDate "2016.07.01"]
[EventType "swiss"]
[EventRounds "6"]
[EventCountry "BRA"]
[SourceTitle "EXT 2017"]
[Source "ChessBase"]
[SourceDate "2016.10.25"]
[SourceVersion "1"]
[SourceVersionDate "2016.10.25"]
[SourceQuality "1"]

1. Nf3 Nf6 2. c4 c6 3. Nc3 d5 4. cxd5 cxd5 5. d4 Nc6 6. Bf4 a6 7. Rc1 e6 8. e3 Be7 9. h3 0-0 10. Bd3 h6 11. 0-0 Qb6 12. Qe2 Rd8 13. a3 Bd6 14. Bxd6 Rxd6 15. b4 Rd8 16. Na4 Qa7 17. Nc5 Nd7 18. Nxa6 bxa6 19. Rxc6 Bb7 20. Rc2 Rac8 21. Rfc1 Qb6 22. Rxc8 Rxc8 23. Rxc8+ Bxc8 24. Qc2 Bb7 25. Qc3 Bc6 26. Nd2 Bb5 27. Nb3 g6 28. Nc5 Nf6 29. a4 Bxd3 30. Qxd3 Qxb4 31. Qxa6 Qe1+ 32. Qf1 Qa5 33. f3 e5 34. Qd1 exd4 35. Qxd4 Qe1+ 36. Kh2 Nh5 37. Qe5 f6 38. Qe8+ Kh7 39. Qf7+ Kh8 40. Qxg6 Qxe3 41. Qxh5 Qf4+ 42. Kg1 Qc1+ 43. Kf2 Qxc5+ 44. Kg3 Qd6+ 45. Kh4 Kg7 46. Qg4+ Kh7 47. Qd4 Qe5 48. Qxe5 fxe5 49. Kg3 Kg6 50. a5 1-0

[Event "Potiguar-ch Juniors"]
[Site "Natal"]
[Date "2016.05.15"]
[Round "5.1"]
[White "De Oliveira, Lucas Matheus AFD"]
[Black "Frankental, David"]
[Result "1/2-1/2"]
[WhiteElo "1777"]
[BlackElo "1755"]
[PlyCount "30"]
[EventDate "2016.05.13"]
[EventType "tourn"]
[EventRounds "5"]
[EventCountry "BRA"]
[SourceTitle "EXT 2022"]
[Source "ChessBase"]
[SourceDate "2021.10.06"]
[SourceVersion "1"]
[SourceVersionDate "2021.10.06"]
[SourceQuality "1"]

1. e4 e5 2. Nf3 Nf6 3. Nc3 Nc6 4. g3 Bc5 5. Bg2 Ng4 6. 0-0 Nxf2 7. Rxf2 Bxf2+ 8. Kxf2 0-0 9. Kg1 d6 10. d3 Bg4 11. Be3 f5 12. h3 Bxf3 13. Bxf3 f4 14. Bf2 fxg3 15. Bxg3 Qf6 1/2-1/2

[Event "Natal-ch"]
[Site "Natal"]
[Date "2016.02.07"]
[Round "3"]
[White "De Oliveira, Lucas Matheus AFD"]
[Black "Dos Anjos, Avner Augusto"]
[Result "0-1"]
[WhiteElo "1770"]
[BlackElo "1974"]
[PlyCount "47"]
[EventDate "2016.02.06"]
[EventType "swiss"]
[EventRounds "6"]
[EventCountry "BRA"]
[SourceTitle "CBM 171 Extra"]
[Source "ChessBase"]
[SourceDate "2016.04.26"]
[SourceVersion "1"]
[SourceVersionDate "2016.04.26"]
[SourceQuality "1"]

1. e4 c5 2. Nf3 d6 3. d4 cxd4 4. Nxd4 Nf6 5. Nc3 a6 6. Bg5 e6 7. Qd2 Nbd7 8. f3 Qc7 9. Bd3 Be7 10. a3 b5 11. g4 h6 12. Bh4 Nxe4 13. Bxe4 Bxh4+ 14. Kf1 Bb7 15. Kg2 Bxe4 16. Nxe4 d5 17. Ng3 0-0 18. f4 Nf6 19. Rhf1 Bxg3 20. hxg3 Ne4 21. Qd3 Qc4 22. Nb3 Rfc8 23. Rac1 Rc7 24. Nd2 0-1